000 00401 a2200145 4500
082 _a342.5491023
090 _c1067
_d1067
100 _aMahmood,Safdar.
245 _aThe Constitution of Pakistan 1973.
_bComments and Comparison
_cDr.Safdar Mahmood.
250 _a1st edition
260 _aLahore
_bA.H.Publisher
_c1994
300 _a260p
500 _aHard cover
942 _aNBS
_cBK
_k342.5491023 MAH
999 _c343601
_d343601